29 - 奈良県の市町村(Text) - Statistics

General Stats
  • This quiz has been taken 23 times
    22 since last reset
  • The average score is 31 of 39
Answers on the Map
Answers color-coded by a green-red scale on the quiz's map according to % correct below.
 
Answer Stats
市町村 % Correct
奈良なら
100%
大和郡山やまとこおりやま
100%
高市たかいちぐん 明日香あすかむら
93%
生駒いこまぐん 斑鳩いかるがちょう
93%
生駒いこま
93%
宇陀うだ
93%
橿原かしはら
93%
吉野よしのぐん 上北山かみきたやまむら
93%
五條ごじょう
93%
吉野よしのぐん 下北山しもきたやまむら
93%
吉野よしのぐん 十津川とつかわむら
93%
北葛城きたかつらぎぐん 王寺おうじちょう
86%
宇陀うだぐん 曽爾そにむら
86%
吉野よしのぐん 天川てんかわむら
86%
天理てんり
86%
吉野よしのぐん 野迫川のせがわむら
86%
吉野よしのぐん 東吉野ひがしよしのむら
86%
大和高田やまとたかだ
86%
吉野よしのぐん 吉野よしのちょう
86%
香芝かしば
79%
葛城かつらぎ
79%
吉野よしのぐん 川上かわかみむら
79%
北葛城きたかつらぎぐん 広陵こうりょうちょう
79%
御所ごせ
79%
桜井さくらい
79%
吉野よしのぐん 黒滝くろたきむら
71%
生駒いこまぐん 三郷さんごうちょう
71%
高市たかいちぐん 高取たかとりちょう
71%
磯城しきぐん 田原本たわらもとちょう
71%
磯城しきぐん 三宅みやけちょう
71%
山辺やまべぐん 山添やまぞえむら
71%
吉野よしのぐん 大淀おおよどちょう
64%
北葛城きたかつらぎぐん 河合かわいちょう
64%
吉野よしのぐん 下市しもいちちょう
64%
生駒いこまぐん 平群へぐりちょう
64%
宇陀うだぐん 御杖みつえむら
64%
生駒いこまぐん 安堵あんどちょう
57%
磯城しきぐん 川西かわにしちょう
43%
北葛城きたかつらぎぐん 上牧かんまきちょう
43%
No matching quizzes found
Score Distribution
Percent of People with Each Score
Percentile by Number Answered
Your Score History
You have not taken this quiz since the last reset